Small North American Geography Quiz Stats

 Plays Quiz not verified by Sporcle

Challenge
Share
Tweet
Embed
Score 0/15 Timer 05:00
0 Plays Today
Hint Country % Correct
Country Bordering the United StatesMexico
98.3%
Country Bordering NicaraguaCosta Rica
82.8%
Country Bordering Three Different OceansUnited States
82.7%
Country Sharing at Least One Land Border (Non-Island Country)El Salvador
68%
CountrySaint Kitts and Nevis
67.8%
Country Sharing at Least Three Land BordersGuatemala
65.1%
Country Name Beginning with a VowelAntigua and Barbuda
63.5%
Country Not Containing an 'a' in Its NameBelize
58.3%
Hint Country % Correct
Country Whose Capital's Name Contains the Word 'City'Panama
56.1%
Country Participating in the 2010 FIFA World CupHonduras
54.5%
One-Word CountryGrenada
53.2%
Country Containing a 'c' in Its NameSaint Lucia
53%
Country With Alternating Consonants and VowelsDominica
41.2%
8-Letter Country NameBarbados
39.6%
Country Whose Capital's Name Begins with a VowelCanada
33.7%

You're not logged in!

Compare scores with friends on all Sporcle quizzes.
Join for Free
OR
Log In

You Might Also Like...

Show Comments

Extras

Top Quizzes Today


Score Distribution

Your Account Isn't Verified!

In order to create a playlist on Sporcle, you need to verify the email address you used during registration. Go to your Sporcle Settings to finish the process.

Report this User

Report this user for behavior that violates our Community Guidelines.

Details: